[Event "WCC 2002"]
[Site "Hyderabad"]
[Date "2002.10.12"]
[Round "3"]
[White "Macieja, Bartlomiej"]
[Black "Ivanchuk, Vassily"]
[Result "1-0"]
[WhiteElo "2615"]
[WhiteCountry "POL"]
[BlackElo "2709"]
[BlackCountry "UKR"]
[Remark "WCC2002"]
[PresId "301"]

1. e4 e5 2. Nf3 Nc6 3. Bc4 Nf6 4. d3 Be7 5. O-O O-O 6. Re1 d6 7. a4
Nd4 8. Nxd4 exd4 9. Nd2 Ng4 10. Nf3 Bh4 11. Rf1 c5 12. Nxh4 Qxh4 13.
Bf4 Ne5 14. Bg3 Qe7 15. b3 Nxc4 16. bxc4 Bd7 17. a5 Bc6 18. Qg4 Rae8
19. Qf4 Qe5 20. Qg4 Qe6 21. h3 f6 22. Qf4 Qe5 23. Qd2 Qe6 24. Qf4 Qe5
25. Qd2 Qe6 26. Bh2 Rf7 27. Rae1 Qd7 28. g4 h5 29. Qf4 hxg4 30. hxg4
Re6 31. Bg3 Qe8 32. Qd2 g6 33. f3 Rh7 34. Kf2 Qf7 35. Rh1 Qg7 36. Rxh7
Qxh7 37. Qc1 Kf7 38. Rh1 Qg7 39. g5 Ke8 40. Rh6 Kd7 41. Qh1 Re7 42.
gxf6 Qxf6 43. Bh4 Qf4 44. Bxe7 Kxe7 45. Qh4+ 1-0
*

[Event "WCC 2002"]
[Site "Hyderabad"]
[Date "2002.10.12"]
[Round "3"]
[White "Vescovi, Giovanni"]
[Black "Iuldachev, Saidali"]
[Result "1-0"]
[WhiteElo "2614"]
[WhiteCountry "BRA"]
[BlackElo "2511"]
[BlackCountry "UZB"]
[Remark "WCC2002"]
[PresId "303"]

1. e4 e5 2. Nf3 Nc6 3. Bb5 Nf6 4. O-O Bc5 5. Nxe5 Nxe5 6. d4 a6 7. Be2
Ba7 8. dxe5 Nxe4 9. Qd5 Ng5 10. Nc3 O-O 11. Bf4 Rb8 12. Rad1 Ne6 13.
Qd2 f5 14. Bc4 Qe8 15. Be3 Bxe3 16. Qxe3 b5 17. Bxe6+ dxe6 18. Ne2 Bb7
19. Nf4 Qe7 20. Rd4 Rbd8 21. Rfd1 Rxd4 22. Rxd4 Rd8 23. f3 Rxd4 24.
Qxd4 h6 25. h4 Kh7 26. h5 Bc6 27. Ng6 Qe8 28. Qc5 Bd5 29. b3 Qd8 30.
c4 bxc4 31. bxc4 Bxf3 32. Nf8+ Kg8 33. Nxe6 Qe8 34. Nxg7 Kxg7 35.
Qxc7+ Kh8 36. gxf3 Qxh5 37. Qd8+ Kh7 38. Qe7+ Kg8 39. Qd8+ Kh7 40. Kg2
Qg6+ 41. Kh3 Qc6 42. Qe7+ Kg8 43. Qd8+ Kh7 44. Qd5 Qg6 45. Qd7+ Kh8
46. Qd8+ Kh7 47. Qf6 Qxf6 48. exf6 Kg6 49. Kh4 Kxf6 50. f4 a5 51. Kh5
a4 52. Kxh6 a3 53. Kh5 Ke6 54. Kg5 Kd6 55. Kxf5 Kc5 56. Ke4 Kxc4 57.
f5 Kc5 1-0
*

[Event "WCC 2002"]
[Site "Hyderabad"]
[Date "2002.10.12"]
[Round "3"]
[White "Xu, Jun"]
[Black "Al-Modiahki, Mohamad"]
[Result "0-1"]
[WhiteElo "2643"]
[WhiteCountry "CHN"]
[BlackElo "2550"]
[BlackCountry "QAT"]
[Remark "WCC2002"]
[PresId "308"]

1. d4 d5 2. c4 c6 3. Nf3 Nf6 4. e3 Bg4 5. h3 Bxf3 6. Qxf3 e6 7. Nc3
Nbd7 8. Bd3 Bd6 9. O-O O-O 10. Rd1 Qe7 11. Qe2 e5 12. cxd5 cxd5 13.
Nb5 e4 14. Bc2 Bb8 15. b3 a6 16. Nc3 Qd6 17. g3 Rc8 18. Bb2 h5 19. h4
Nf8 20. Kg2 Ng6 21. Rh1 Ne7 22. Rac1 Rc6 23. Bd1 Nf5 24. Qe1 Bc7 25.
Na4 Rc8 26. Nc5 Qe7 27. b4 Bd6 28. a3 b6 29. Nb3 Qe6 30. Rxc6 Rxc6 31.
Bc1 Bc7 32. Bd2 Nd6 33. Be2 Nc4 34. Bc1 Ng4 35. a4 Qf5 36. Rf1 Rg6 37.
Bd1 Qe6 38. a5 Nxf2 39. Qxf2 Rxg3+ 40. Qxg3 Bxg3 41. Kxg3 Qd6+ 42. Kg2
Qxb4 43. axb6 Qxb6 44. Nc5 g6 45. Bb3 Qb4 46. Rf2 Qc3 47. Bxc4 Qxc4
48. Bd2 Qb5 49. Bc3 Kg7 50. Rb2 Qc4 51. Be1 Qc1 52. Re2 Qd1 53. Kf2 a5
54. Bxa5 Qh1 55. Bd8 f6 56. Re1 Qh2+ 57. Kf1 Kf7 58. Ba5 Qxh4 59. Ke2
Qh2+ 60. Kd1 h4 61. Re2 Qg1+ 62. Kd2 g5 63. Bc7 g4 64. Bh2 Qa1 0-1
*

[Event "WCC 2002"]
[Site "Hyderabad"]
[Date "2002.10.12"]
[Round "3"]
[White "Anand, Viswanathan"]
[Black "Kasimdzhanov, Rustam"]
[Result "1-0"]
[WhiteElo "2755"]
[WhiteCountry "IND"]
[BlackElo "2653"]
[BlackCountry "UZB"]
[Remark "WCC2002"]
[PresId "309"]

1. e4 c5 2. Nf3 Nc6 3. d4 cxd4 4. Nxd4 Nf6 5. Nc3 e5 6. Ndb5 d6 7. Bg5
a6 8. Na3 b5 9. Bxf6 gxf6 10. Nd5 Bg7 11. Bd3 Ne7 12. Nxe7 Qxe7 13.
O-O O-O 14. c4 f5 15. Qf3 bxc4 16. Nxc4 d5 17. exd5 e4 18. Qe3 Bb7 19.
d6 Qf6 20. Bc2 f4 21. Qh3 Rac8 22. b3 Qg5 23. d7 Rc6 24. Bxe4 Rh6 25.
Qf5 Qh4 26. h3 Rf6 27. d8Q Rxd8 28. Qa5 Bxe4 29. Qxd8+ Bf8 30. f3 Bf5
1-0
*

[Event "WCC 2002"]
[Site "Hyderabad"]
[Date "2002.10.12"]
[Round "3"]
[White "Ehlvest, Jann"]
[Black "Ganguly, Surya Shekhar"]
[Result "1/2-1/2"]
[WhiteElo "2600"]
[WhiteCountry "EST"]
[BlackElo "2531"]
[BlackCountry "IND"]
[Remark "WCC2002"]
[PresId "311"]

1. Nf3 d5 2. e3 g6 3. c4 Nf6 4. Qa4+ Nbd7 5. Nc3 c6 6. cxd5 Nxd5 7.
Qb3 Bg7 8. Nxd5 Nc5 9. Qc2 Qxd5 10. d4 Ne4 11. Bd3 Bf5 12. O-O Bf6 13.
b3 Nc5 14. Bxf5 gxf5 15. Bb2 Rg8 16. Ne1 Ne6 17. f4 c5 18. Nf3 cxd4
19. Rad1 Qe4 20. Qxe4 fxe4 21. Nxd4 Bxd4 22. Bxd4 f5 23. Bc3 Rc8 24.
Bb4 Rd8 25. Rxd8+ Nxd8 26. Rd1 Nc6 27. Ba3 Kf7 28. Rd7 Rd8 29. Rxb7
Rd1+ 30. Kf2 Rd2+ 31. Kg3 Rxa2 32. Bc5 Rc2 33. b4 a5 34. Rc7 axb4 35.
Rxc6 b3 36. Rc7 Kg6 37. Rc6+ Kf7 38. Rc7 1/2-1/2
*

[Event "WCC 2002"]
[Site "Hyderabad"]
[Date "2002.10.12"]
[Round "3"]
[White "Kovalevskaya, Ekaterina"]
[Black "Cmilyte, Viktorija"]
[Result "1/2-1/2"]
[WhiteElo "2466"]
[WhiteCountry "RUS"]
[BlackElo "2460"]
[BlackCountry "LTU"]
[Remark "WCC2002"]
[PresId "313"]

1. e4 c5 2. Nf3 d6 3. c3 Nf6 4. Be2 g6 5. O-O Bg7 6. Bb5+ Bd7 7. Bxd7+
Qxd7 8. Re1 O-O 9. d4 cxd4 10. cxd4 d5 11. e5 Ne4 12. Nc3 f5 13.
exf6 Nxc3 14. bxc3 exf6 15. Ba3 Rf7 16. c4 Nc6 17. Rc1 Rd8 18. Qd3
Bh6 19. Rcd1 dxc4 20. Qxc4 Qd5 21. Re8+ Bf8 22. Qxd5 Rxd5 23. Kf1 Kg7
24. Bxf8+ Rxf8 25. Rxf8 Kxf8 26. Rb1 Rd7 27. Ke2 Ke7 28. a3 b6 29. Kd3
Kd6 30. Re1 Rd8 31. h3 Ne7 32. Nd2 Nd5 33. Nc4+ Kd7 34. Ne3 Nc7 35.
Rc1 Ne6 36. g3 Ke7 37. Rc4 Rd7 38. d5 Nc7 39. Rh4 h5 40. Kc4 f5 41. g4
f4 42. Ng2 b5+ 43. Kb3 Kf6 44. gxh5 g5 45. Rg4 Kf5 46. Ne1 Rxd5 47. h6
Rd7 48. f3 Ne6 49. Kb4 Rh7 50. h4 Rxh6 51. hxg5 Nxg5 52. Ng2 Ne6 53.
Nh4+ Kf6 54. Kxb5 Rh7 55. Ng6 Kf5 56. Nh4+ Kf6 57. Ng6 Rb7+ 58. Kc4
Ng5 59. Nxf4 Nxf3 60. Nd3 Ne5+ 1/2-1/2
*

[Event "WCC 2002"]
[Site "Hyderabad"]
[Date "2002.10.12"]
[Round "3"]
[White "Matveeva, Svetlana"]
[Black "Li, Ruofan"]
[Result "1/2-1/2"]
[WhiteElo "2465"]
[WhiteCountry "RUS"]
[BlackElo "2357"]
[BlackCountry "CHN"]
[Remark "WCC2002"]
[PresId "314"]

1. d4 Nf6 2. c4 e6 3. Nc3 Bb4 4. Qc2 d5 5. cxd5 Qxd5 6. e3 c5 7. Bd2
Bxc3 8. Bxc3 cxd4 9. Bxd4 Nc6 10. Bc3 O-O 11. Nf3 Qc5 12. Qa4 Bd7 13.
a3 Nd5 14. Bd2 Ne5 15. Qe4 Nxf3+ 16. gxf3 Bb5 17. b4 Qb6 18. Bxb5 Qxb5
19. a4 Qd7 20. Ke2 Rfd8 21. Rhd1 Nf6 22. Qc4 Rac8 23. Qb3 Qc7 24. h3
Qh2 25. e4 Nh5 26. Bg5 Ng3+ 27. Ke3 Nf5+ 28. Ke2 Ng3+ 29. Ke3 Nf5+ 30.
Ke2 Nd4+ 31. Rxd4 Rxd4 32. Be3 Rdc4 33. Bc5 Qe5 34. Rg1 Rc3 35. Qd1 b6
36. Bd4 Rc2+ 37. Ke3 Qh2 38. Rxg7+ Kf8 39. Qg1 Qxg1 40. Rxg1 Ra2 41.
Bf6 Rcc2 42. Rd1 Re2+ 43. Kf4 Red2 44. Rc1 Rdc2 45. Rd1 Rd2 46. Rc1
Rac2 47. Ra1 Rxf2 48. a5 b5 49. Bd4 e5+ 50. Bxe5 Rcd2 51. Ra3 Ke7 52.
Kf5 Ra2 53. Bf6+ Ke8 54. Rb3 Rac2 55. f4 Rfd2 56. Rg3 Rg2 57. Rd3 Rcd2
58. Rc3 Rc2 59. Rd3 Rcd2 60. Rc3 Rc2 61. Rd3 Rcd2 62. Rc3 Rc2 63. Rd3
1/2-1/2
*

[Event "WCC 2002"]
[Site "Hyderabad"]
[Date "2002.10.12"]
[Round "3"]
[White "Vijayalakshmi, Subbarama"]
[Black "Xu, Yuhua"]
[Result "0-1"]
[WhiteElo "2394"]
[WhiteCountry "IND"]
[BlackElo "2473"]
[BlackCountry "CHN"]
[Remark "WCC2002"]
[PresId "316"]

1. d4 Nf6 2. c4 e6 3. Nc3 Bb4 4. Qc2 c5 5. dxc5 O-O 6. Nf3 Na6 7. a3
Bxc3+ 8. Qxc3 Nxc5 9. b4 Nce4 10. Qd4 d6 11. Ng5 e5 12. Qb2 h6 13.
Nxe4 Nxe4 14. g3 Qc7 15. Bg2 Bf5 16. O-O Qxc4 17. f4 Nc3 18. fxe5
Nxe2+ 19. Kh1 Be4 20. Rf2 Bxg2+ 21. Rxg2 Nxc1 22. Rxc1 Qd5 23. exd6
Qxd6 24. Qd2 Qa6 25. Qc3 Rad8 26. Qb3 Rd3 27. Rc3 Rfd8 28. Rf2 Rxc3
29. Qxc3 Qe6 30. Qf3 b5 31. Re2 Qd7 32. Kg2 a6 33. Re4 Qc6 34. Kh3 Rd4
35. Re3 Qxf3 36. Rxf3 h5 37. Rc3 Re4 38. Rc8+ Kh7 39. Ra8 Re6 40. Kg2
Rc6 41. h4 Kg6 42. Ra7 Kf6 43. Kh2 g6 44. Kg2 Ke6 45. Kh2 f6 46. Kg2
Kf5 47. Kh3 Re6 48. Rc7 Ke4 49. Rg7 f5 50. Rc7 Kd4 51. Kg2 Ke3 52.
Rc3+ Ke2 53. a4 Kd2 54. Ra3 bxa4 55. Kf3 Rb6 56. Kf4 Rxb4+ 57. Kg5
Rg4+ 0-1
*

[Event "WCC 2002"]
[Site "Hyderabad"]
[Date "2002.10.12"]
[Round "3"]
[White "Swathi, Ghate"]
[Black "Stefanova, Antoaneta"]
[Result "1/2-1/2"]
[WhiteElo "2247"]
[WhiteCountry "IND"]
[BlackElo "2541"]
[BlackCountry "BUL"]
[Remark "WCC2002"]
[PresId "317"]

1. e4 e5 2. Nf3 Nc6 3. Bb5 a6 4. Ba4 Nf6 5. O-O Be7 6. Re1 b5 7. Bb3
d6 8. c3 O-O 9. h3 Na5 10. Bc2 c5 11. d4 Qc7 12. Nbd2 Re8 13. Nf1 Bf8
14. d5 g6 15. b3 Nh5 16. N3h2 Bg7 17. Be3 Rf8 18. Rc1 Bd7 19. Kh1 c4
20. b4 Nb7 21. Bb1 a5 22. a3 axb4 23. axb4 Ra3 24. Nd2 Qd8 25. Rg1 Nf4
26. Ndf3 Qf6 27. Qd2 Rfa8 28. h4 Qd8 29. g4 Kh8 30. Rg3 Qe7 31. Rcg1
Bf6 32. Rc1 Bg7 33. Rcg1 Rb3 34. Ba2 Rxc3 35. Qxc3 Rxa2 36. Re1 Ne2
37. Rxe2 Rxe2 38. Qa3 Qd8 39. Rg1 h6 40. Ra1 f5 41. Qa8 Qxa8 42. Rxa8+
Kh7 43. Rb8 fxg4 44. Ng1 Re1 45. Rxb7 Bc8 46. Rc7 g3 47. Rxc8 gxh2 48.
Kxh2 Rb1 49. Bd2 Rb3 50. Kg2 g5 51. hxg5 hxg5 52. Ne2 Rb2 53. Nc3 Rxd2
54. Nxb5 Rb2 55. Nxd6 Rxb4 56. Rc7 Kg6 57. Nf5 Bf6 58. f3 g4 59. fxg4
Rb2+ 60. Kf3 Rb3+ 61. Ke2 Rb1 62. Rxc4 Rb2+ 63. Kf3 Rb3+ 64. Kg2 Kg5
65. Rc6 Bd8 66. Nh6 Kf4 67. d6 Rd3 68. Nf7 Bh4 69. Rc5 Rd2+ 70. Kf1
Rd1+ 71. Ke2 Re1+ 72. Kd3 Re3+ 73. Kc2 Rxe4 74. g5 Bxg5 75. Nxg5 Kxg5
76. Rd5 Rc4+ 77. Kd3 Rc8 78. d7 Rd8 79. Rd6 Kf5 80. Ke3 e4 81. Kd4 e3
1/2-1/2
*

[Event "WCC 2002"]
[Site "Hyderabad"]
[Date "2002.10.12"]
[Round "3"]
[White "Khurtsidze, Nino"]
[Black "Pia, Cramling"]
[Result "1-0"]
[WhiteElo "2455"]
[WhiteCountry "GEO"]
[BlackElo "2508"]
[BlackCountry "SWE"]
[Remark "WCC2002"]
[PresId "318"]

1. d4 d5 2. c4 c6 3. e3 Bf5 4. Nc3 e6 5. Nf3 Nf6 6. Nh4 Be4 7. f3 Bg6
8. Qb3 Qb6 9. Nxg6 hxg6 10. Bd2 Nbd7 11. Qc2 Qc7 12. cxd5 exd5 13.
O-O-O Rxh2 14. Rxh2 Qxh2 15. e4 Be7 16. e5 Nh5 17. Qb3 Rb8 18. Kb1 g5
19. Ne2 Nf4 20. Nxf4 gxf4 21. Bb4 Bxb4 22. Qxb4 Qh4 23. Bd3 Nf8 24.
Qc5 a6 25. Qc1 g6 26. Rh1 Qg5 27. Rh8 Kd7 28. g4 Re8 29. Qc5 Qe7 30.
Qb6 Ke6 31. Rh6 Qd8 32. Bf5+ Ke7 33. Qc5+ 1-0
*

[Event "WCC 2002"]
[Site "Hyderabad"]
[Date "2002.10.12"]
[Round "3"]
[White "Bhagyashree, Thipsay"]
[Black "Stepovaya, Tatiana"]
[Result "0-1"]
[WhiteElo "2256"]
[WhiteCountry "IND"]
[BlackElo "2398"]
[BlackCountry "RUS"]
[Remark "WCC2002"]
[PresId "320"]

1. e4 e5 2. Nf3 Nc6 3. Bb5 Nge7 4. O-O g6 5. c3 a6 6. Ba4 Bg7 7. d4
exd4 8. cxd4 b5 9. Bb3 O-O 10. a4 b4 11. Bg5 h6 12. Be3 d6 13. Nbd2
Na5 14. Ba2 Bb7 15. Rc1 Kh7 16. Qc2 Rc8 17. Ne1 Nac6 18. Qd3 Qd7 19.
Bc4 f5 20. f3 fxe4 21. fxe4 Rxf1+ 22. Nxf1 d5 23. exd5 Nxd5 24. Bf2
Nf4 25. Qd2 Rf8 26. Rd1 Qg4 27. Ng3 Na5 28. Bf1 Nb3 29. Qc2 Nxd4 30.
Rxd4 Nh3+ 31. gxh3 Qxd4 32. Bg2 b3 33. Qe2 Qxb2 34. Bxb7 Qxe2 35. Nxe2
b2 36. Be4 Re8 37. Bb1 Rxe2 38. Nd3 Rd2 0-1
*

[Event "WCC 2002"]
[Site "Hyderabad"]
[Date "2002.10.12"]
[Round "3"]
[White "Ramaswamy, Aarthie"]
[Black "Wang, Pin"]
[Result "1/2-1/2"]
[WhiteElo "2271"]
[WhiteCountry "IND"]
[BlackElo "2473"]
[BlackCountry "CHN"]
[Remark "WCC2002"]
[PresId "323"]

1. e4 c5 2. Nf3 d6 3. d4 cxd4 4. Nxd4 Nf6 5. Nc3 a6 6. Be3 Nc6 7. f3
e6 8. Qd2 Be7 9. O-O-O O-O 10. g4 Nd7 11. h4 Nde5 12. Qg2 Nxd4 13.
Bxd4 Qc7 14. g5 b5 15. f4 Nc6 16. Bf6 Bb7 17. Bd3 Kh8 18. Bxe7 Nxe7
19. h5 f5 20. gxf6 Rxf6 21. Rhg1 Ng8 22. Ne2 Raf8 23. Qg5 Nh6 24.
Kb1 b4 25. c4 bxc3 26. Rc1 Qe7 27. Rxc3 e5 28. fxe5 dxe5 29. Rc5 Re6
30. Qxe7 Rxe7 31. Nc3 Ng8 32. Nd5 Rd7 33. Bc2 Nf6 34. Rf1 Rg8 35. Nc3
Nxh5 36. Rxe5 Nf6 37. Ref5 Re7 38. Nd5 Bxd5 39. exd5 Rd8 40. a3 h5 41.
Rd1 Rd6 42. Rd4 Red7 43. Be4 g6 44. Rg5 Nxe4 45. Rxe4 Kg7 46. Rg2 Kf7
47. Re6 Rxd5 48. Rexg6 a5 49. Rh6 Ke7 50. Rh2 R7d6 51. R2xh5 Rd1+ 52.
Ka2 Rxh6 53. Rxh6 Rd5 54. a4 Kd7 55. Rb6 Kc7 56. Rh6 Kb7 57. Kb3 Rd4
58. Kc3 1/2-1/2
*

[Event "WCC 2002"]
[Site "Hyderabad"]
[Date "2002.10.12"]
[Round "3"]
[White "Dworakowska, Joanna"]
[Black "Meenakshi, S"]
[Result "1/2-1/2"]
[WhiteElo "2389"]
[WhiteCountry "POL"]
[BlackElo "2309"]
[BlackCountry "IND"]
[Remark "WCC2002"]
[PresId "324"]

1. e4 e5 2. Nf3 Nf6 3. Nxe5 d6 4. Nf3 Nxe4 5. Nc3 Nxc3 6. dxc3 Be7 7.
Bf4 O-O 8. Qd2 Nd7 9. O-O-O Nc5 10. Be3 Re8 11. Kb1 Bf6 12. Nd4 Ne4
13. Qc1 c5 14. Nb3 Qe7 15. Bb5 Rd8 16. f3 Ng5 17. Rhe1 Ne6 18. Bc4 Qc7
19. Bd5 a5 20. Nd2 a4 21. Ne4 Be7 22. f4 Nf8 23. h3 Bf5 24. g4 Bxe4
25. Bxe4 a3 26. b3 Bf6 27. c4 Bc3 28. Rf1 Re8 29. Bd5 Nd7 30. Rd3 Bb2
31. Qd2 Nf6 32. c3 Nxd5 33. Rxd5 Re4 34. Rf3 Qe7 35. Kc2 Rd8 36. Kd1
Re8 37. Ke2 h5 38. Rxh5 Qf6 39. Rf5 Bxc3 40. Qd3 Qd4 41. Rd5 Qf6 42.
Rxd6 R4e6 43. Rxe6 Rxe6 44. Kf2 Qh4+ 45. Kg2 Bb4 46. Bf2 Qf6 47. Re3
Qb2 48. Qd8+ Kh7 49. Qd3+ Kg8 50. Qd8+ Kh7 51. Qh4+ Kg8 1/2-1/2
*

[Event "WCC 2002"]
[Site "Hyderabad"]
[Date "2002.10.13"]
[Round "4"]
[White "Ivanchuk, Vassily"]
[Black "Iuldachev, Saidali"]
[Result "1-0"]
[WhiteElo "2709"]
[WhiteCountry "UKR"]
[BlackElo "2511"]
[BlackCountry "UZB"]
[Remark "WCC2002"]
[PresId "401"]

1. e4 e5 2. Nf3 Nc6 3. Bb5 a6 4. Ba4 Nf6 5. O-O Be7 6. Re1 b5 7. Bb3
d6 8. c3 O-O 9. h3 Na5 10. Bc2 c5 11. d4 Nd7 12. b3 cxd4 13. cxd4 Nc6
14. Nc3 exd4 15. Nd5 Nde5 16. Nxd4 Nxd4 17. Qxd4 Bxh3 18. f4 Nc6 19.
Qc3 Bd7 20. Bb2 f6 21. Rad1 Rc8 22. Qd3 Bg4 23. Rd2 Re8 24. b4 Bf8 25.
e5 f5 26. e6 Qh4 27. g3 Qh5 28. e7 Bxe7 29. Nxe7+ Nxe7 30. Qxd6 Ng6
31. Bb3+ Kh8 32. Re6 Qh3 33. Qd7 1-0
*

[Event "WCC 2002"]
[Site "Hyderabad"]
[Date "2002.10.13"]
[Round "4"]
[White "Azmaiparashvili, Zurab"]
[Black "Kobese, Watu"]
[Result "1-0"]
[WhiteElo "2666"]
[WhiteCountry "GEO"]
[BlackElo "2399"]
[BlackCountry "RSA"]
[Remark "WCC2002"]
[PresId "405"]

1. d4 d5 2. c4 c6 3. Nc3 Nf6 4. e3 g6 5. Nf3 Bg7 6. Bd3 O-O 7. O-O
Nbd7 8. cxd5 cxd5 9. Qb3 Nb6 10. a4 Bf5 11. Bxf5 gxf5 12. a5 Nc4 13.
Qxb7 Nxa5 14. Qa6 Nb3 15. Ra3 Rb8 16. Ne5 Qc7 17. Qa4 Nxc1 18. Rxc1
Rfc8 19. Nd3 Ng4 20. g3 Qd6 21. Qa6 Rc6 22. Qxa7 Rbc8 23. Re1 e5 24.
h3 exd4 25. Nb5 Qg6 26. hxg4 Qxg4 27. Nxd4 Rh6 28. Nf4 Be5 29. Qd7
Rcc6 30. Ra8+ 1-0
*

[Event "WCC 2002"]
[Site "Hyderabad"]
[Date "2002.10.13"]
[Round "4"]
[White "Hamdouchi, Hichem"]
[Black "Xu, Jun"]
[Result "1-0"]
[WhiteElo "2593"]
[WhiteCountry "MAR"]
[BlackElo "2643"]
[BlackCountry "CHN"]
[Remark "WCC2002"]
[PresId "409"]

1. e4 c5 2. Nf3 d6 3. d4 cxd4 4. Nxd4 Nf6 5. Nc3 Nc6 6. Bg5 Qb6 7. Nb3
e6 8. Qe2 Be7 9. O-O-O a6 10. Be3 Qc7 11. g4 b5 12. f4 Bb7 13. g5 Nd7
14. Qf2 Na5 15. Bd3 Nxb3+ 16. axb3 Nc5 17. Kb1 Nxd3 18. cxd3 d5 19.
Rhe1 dxe4 20. dxe4 O-O 21. f5 exf5 22. exf5 Bb4 23. Bd4 Rad8 24. Qh4
Bxc3 25. bxc3 Qc8 26. f6 Rfe8 27. fxg7 b4 28. Kb2 bxc3+ 29. Bxc3 Rxd1
30. Rxd1 Re2+ 31. Rd2 Rxd2+ 32. Bxd2 Qe6 33. Qb4 Qe5+ 34. Ka2 Qb8 35.
Bf4 Qa8 36. Be5 Bd5 37. Qe7 Be6 38. g6 Qc8 39. gxh7+ Kxh7 40. Kb2 Qa8
41. Qh4+ 1-0
*

[Event "WCC 2002"]
[Site "Hyderabad"]
[Date "2002.10.13"]
[Round "4"]
[White "Cmilyte, Viktorija"]
[Black "Dronavalli, Harika"]
[Result "1-0"]
[WhiteElo "2460"]
[WhiteCountry "LTU"]
[BlackElo "2248"]
[BlackCountry "IND"]
[Remark "WCC2002"]
[PresId "413"]

1. d4 Nf6 2. c4 g6 3. Nc3 d5 4. Nf3 Bg7 5. Qb3 dxc4 6. Qxc4 O-O 7. e4
Na6 8. Be2 c5 9. d5 e6 10. O-O exd5 11. exd5 Bf5 12. Be3 Re8 13. Rfd1
Qb6 14. d6 Rad8 15. Ng5 Be6 16. Nxe6 Rxe6 17. Na4 Qc6 18. Bf3 Rexd6
19. Rxd6 Qxd6 20. Bxb7 Nb8 21. Bf3 Nbd7 22. Rd1 Qe7 23. Nxc5 Ne5 24.
Qe2 Rxd1+ 25. Qxd1 Nc4 26. Bd4 Ne8 27. Bxg7 Nxg7 28. Nd3 Nf5 29. Qe2
Qd8 30. b3 Nd4 31. Qd1 Nd6 32. Ne1 Qf6 33. h3 N6f5 34. Be4 Nd6 35. Bd3
Qe5 36. Nc2 Nxc2 37. Qxc2 a5 38. g3 Kg7 39. Kg2 h5 40. h4 Qd5+ 41. Kh2
Qe5 42. a3 Qd4 43. Qe2 Qc3 44. Qe3 Kg8 45. Bc4 Qb2 46. Bd5 Qxa3 47.
Qh6 Qc5 48. Qxg6+ Kf8 49. Qh6+ Ke8 50. Qe3+ Qxe3 51. fxe3 Nf5 52. Bf3
Nxe3 53. Bxh5 Kf8 54. Kg1 Kg7 55. Kf2 Nf5 56. Bg4 Nd4 57. Bd1 Nf5 58.
Kf3 Kf6 59. Kf4 Nd6 60. Be2 Nb7 61. g4 Kg7 62. Bc4 f6 63. Ke4 a4 64.
b4 f5+ 65. gxf5 Nd6+ 66. Kd5 Nxf5 67. b5 Ne7+ 68. Kd6 Nf5+ 69. Kc7 Ne3
70. b6 Nxc4 71. b7 a3 72. b8Q a2 73. Qa7 1-0
*

[Event "WCC 2002"]
[Site "Hyderabad"]
[Date "2002.10.13"]
[Round "4"]
[White "Kovalevskaya, Ekaterina"]
[Black "Matveeva, Svetlana"]
[Result "1/2-1/2"]
[WhiteElo "2466"]
[WhiteCountry "RUS"]
[BlackElo "2465"]
[BlackCountry "RUS"]
[Remark "WCC2002"]
[PresId "415"]

1. e4 c5 2. Nc3 g6 3. d4 cxd4 4. Qxd4 Nf6 5. Nf3 Nc6 6. Qa4 Qc7 7. Nd5
Nxd5 8. exd5 Ne5 9. Bf4 Nxf3+ 10. gxf3 Qc5 11. O-O-O Bg7 12. Be3 Qd6
13. h4 h5 14. f4 b5 15. Bxb5 Rb8 16. c3 f5 17. Bc4 a6 18. Kc2 Kf7 19.
Qa3 Qxa3 20. bxa3 Bb7 21. Kd3 Rbc8 22. Bd4 Bxd4 23. cxd4 e6 24. Rb1
Bxd5 25. Bxd5 exd5 26. Rb7 Rhd8 27. Ra7 Rc4 28. Rxa6 Rdc8 29. Rb1 Rc3+
30. Ke2 Rc2+ 31. Kf1 Rc1+ 32. Rxc1 Rxc1+ 33. Kg2 Rc4 34. Rd6 Rxd4 35.
Rxd7+ Ke6 36. Rg7 Kf6 37. Rd7 Rxf4 38. Rd6+ Kg7 39. Kg3 Rg4+ 40. Kh3
Ra4 41. Rxd5 Rxa3+ 42. Kg2 Rxa2 43. Rd7+ Kf6 44. Rd6+ Kf7 45. Rd4 Re2
46. Kf3 Re1 47. Kf4 Rh1 48. Ke5 Ke7 49. Ra4 Re1+ 50. Kf4 Kf6 51. f3
Re6 52. Ra8 Rb6 53. Rf8+ Kg7 54. Ra8 Rb1 55. Ra7+ Kh6 56. Ke5 Rb5+ 57.
Kf6 Rb6+ 58. Ke5 Rb5+ 59. Kf6 f4 60. Ra8 Rf5+ 61. Ke6 Kg7 62. Ra7+ Kh6
63. Ra8 Kg7 64. Ra7+ Kh6 65. Ra8 Kg7 66. Ra7+ 1/2-1/2
*

[Event "WCC 2002"]
[Site "Hyderabad"]
[Date "2002.10.13"]
[Round "4"]
[White "Xu, Yuhua"]
[Black "Pia, Cramling"]
[Result "1-0"]
[WhiteElo "2473"]
[WhiteCountry "CHN"]
[BlackElo "2508"]
[BlackCountry "SWE"]
[Remark "WCC2002"]
[PresId "416"]

1. e4 c5 2. Nf3 e6 3. d4 cxd4 4. Nxd4 a6 5. Nc3 b5 6. Bd3 Qb6 7. Nf3
Bb7 8. O-O Qc7 9. Re1 Bc5 10. e5 f5 11. Be3 b4 12. Na4 Bxe3 13. Rxe3
Nh6 14. c3 O-O 15. cxb4 Ng4 16. Re1 Bxf3 17. Qxf3 Nc6 18. Rac1 Qb8 19.
Rxc6 dxc6 20. Qf4 a5 21. Nc5 Qxb4 22. Qxb4 axb4 23. Nxe6 Rxa2 24. Nxf8
Kxf8 25. h3 Nh6 26. b3 Ke7 27. f4 Ra3 28. Bc4 Nf7 29. g4 g6 30. gxf5
gxf5 31. Rd1 Ra2 32. Rd4 Nd8 33. Rd6 Rc2 34. Kf1 Nb7 35. Rh6 Na5 36.
Rxh7+ Kf8 37. Be6 Rc3 38. Bxf5 Rf3+ 39. Kg2 Rxf4 40. Bg6 Kg8 41. Ra7
Nxb3 42. e6 Rf6 43. Bh5 1-0
*

[Event "WCC 2002"]
[Site "Hyderabad"]
[Date "2002.10.13"]
[Round "4"]
[White "Stefanova, Antoaneta"]
[Black "Khurtsidze, Nino"]
[Result "1-0"]
[WhiteElo "2541"]
[WhiteCountry "BUL"]
[BlackElo "2455"]
[BlackCountry "GEO"]
[Remark "WCC2002"]
[PresId "417"]

1. d4 Nf6 2. Bg5 e6 3. Nd2 h6 4. Bh4 c5 5. e3 cxd4 6. exd4 Be7 7. Ngf3
b6 8. Bd3 Bb7 9. O-O d6 10. Bxf6 Bxf6 11. Be4 Qc7 12. Re1 O-O 13. Bxb7
Qxb7 14. Ne4 Be7 15. Ng3 Qd5 16. Qd3 Rc8 17. Nd2 Nc6 18. c3 b5 19.
Ndf1 Qc4 20. Qf3 b4 21. Ne3 Qa6 22. Nh5 bxc3 23. bxc3 Qd3 24. d5 Ne5
25. Qh3 Bf8 26. dxe6 Qxc3 27. Nf4 fxe6 28. Qxe6+ Kh8 29. h4 Re8 30.
Qf5 Qc8 31. Qh5 Qd7 32. Ned5 Rac8 33. Rad1 Qa4 34. Qf5 Qxa2 35. Rxe5
dxe5 36. Ng6+ Kg8 37. Nde7+ Bxe7 38. Nxe7+ Rxe7 39. Qxc8+ Kh7 40. Rd8
Qe6 41. Rh8+ Kg6 42. Qc3 Qg4 43. Qc6+ Kh5 44. g3 Qd1+ 45. Kg2 Rf7 46.
Qe4 Qd4 47. Qxd4 exd4 48. Rd8 Kg6 49. Rxd4 a5 50. Ra4 Ra7 51. g4 Kf6
52. f4 Ke6 53. Kf3 Kd5 54. h5 Kc5 55. Ke4 Kb5 56. Ra1 a4 57. g5 Kb4
58. gxh6 gxh6 59. f5 a3 60. f6 a2 61. Kf5 Kb3 62. Kg6 Ra4 63. f7 Rf4
64. Kg7 Rg4+ 65. Kxh6 Rf4 66. Kg7 Rg4+ 67. Kf6 Rf4+ 68. Kg6 Rf2 69. h6
Rg2+ 70. Kf6 Rf2+ 71. Ke7 Re2+ 72. Kd6 Rd2+ 73. Ke6 Re2+ 74. Kd5 Rd2+
75. Ke4 Rd8 76. Kf5 Rd2 77. h7 1-0
*

[Event "WCC 2002"]
[Site "Hyderabad"]
[Date "2002.10.13"]
[Round "4"]
[White "Stepovaya, Tatiana"]
[Black "Krush, Irina"]
[Result "0-1"]
[WhiteElo "2398"]
[WhiteCountry "RUS"]
[BlackElo "2403"]
[BlackCountry "USA"]
[Remark "WCC2002"]
[PresId "420"]

1. e4 c5 2. Nc3 e6 3. g3 Nc6 4. Bg2 g6 5. d3 Bg7 6. Be3 d6 7. Qd2 Qa5
8. Nge2 Nd4 9. Nc1 Ne7 10. O-O Rb8 11. f4 b5 12. Qf2 b4 13. Nd1 O-O
14. c3 bxc3 15. bxc3 Nb5 16. Nb3 Qc7 17. Rc1 a5 18. c4 Na7 19. Nc3
Nac6 20. Nb5 Qd8 21. a4 e5 22. f5 f6 23. g4 Nb4 24. Qd2 Nec6 25. h4
Rb7 26. Rf3 Kh8 27. Rcf1 Nd4 28. Bxd4 exd4 29. Qf4 Nc6 30. Rg3 g5 31.
Qd2 Rd7 32. Rh3 Bh6 33. Kf2 Kg7 34. Qe2 gxh4 35. Rxh4 Bg5 36. Rh5 Be3+
37. Ke1 Ne5 38. Rfh1 h6 39. Kd1 Ba6 40. Nd2 Rh8 41. Kc2 Qe7 42. R5h3
Bg5 43. Nf3 Nxf3 44. Rxf3 Qd8 45. Rff1 Bxb5 46. cxb5 Re7 47. Qd1 Qg8
48. Kb2 c4 49. dxc4 Qxc4 50. Qb3 Qe2+ 51. Qc2 Qxc2+ 52. Kxc2 Rc8+ 53.
Kd3 Be3 54. Rb1 Rc3+ 55. Ke2 d5 56. b6 dxe4 57. b7 Bf4 58. b8Q Bxb8
59. Rxb8 Rc2+ 60. Kd1 Rxg2 61. Rd8 d3 62. Re1 Rb7 0-1
*

[Event "WCC 2002"]
[Site "Hyderabad"]
[Date "2002.10.13"]
[Round "4"]
[White "Koneru, Humpy"]
[Black "Bhagyashree, Thipsay"]
[Result "1-0"]
[WhiteElo "2484"]
[WhiteCountry "IND"]
[BlackElo "2256"]
[BlackCountry "IND"]
[Remark "WCC2002"]
[PresId "421"]

1. d4 e6 2. c4 f5 3. Nf3 Nf6 4. Nc3 Bb4 5. Qb3 Qe7 6. a3 Bxc3+ 7. Qxc3
Ne4 8. Qc2 b6 9. g3 Bb7 10. Bg2 Nc6 11. b3 O-O 12. Bb2 d6 13. O-O Nd8
14. Ne1 c5 15. dxc5 dxc5 16. Nd3 Nf7 17. f3 Nf6 18. Rae1 Rad8 19. e4
fxe4 20. fxe4 e5 21. b4 Qc7 22. bxc5 bxc5 23. a4 Qd6 24. Rd1 Qe7 25.
Rfe1 Ng5 26. Nxe5 Rxd1 27. Qxd1 Ngxe4 28. Ng4 Qc7 29. Qe2 Qb6 30. a5
Qc7 31. a6 Bc8 32. Nh6+ gxh6 33. Bxe4 Bxa6 34. Bxf6 Rxf6 35. Bd5+ Kg7
36. Qe8 1-0
*